Rethinking the ontological argument : a neoclassical theistic response /

Bibliographic Details
Main Author: Dombrowski, Daniel A.
Format: Book
Language:English
Published: Cambridge ; New York : Cambridge University Press, 2006.
Subjects:
Online Access:Table of contents
Publisher description

MARC

Tag First Indicator Second Indicator Subfields
LEADER 00000cam a22000004a 4500
001 in00002188721
005 20151104070004.0
008 050927s2006 enk b 001 0 eng
010 |a  2005028311  |z  2004028311 
020 |a 0521863694 (hardback) 
024 3 |a 9780521863698 
035 |a (OCoLC)ocm61821710 
040 |a DLC  |c DLC  |d BAKER  |d C#P  |d UtOrBLW 
042 |a pcc 
049 |a TXAM 
050 0 0 |a BD555  |b .D67 2006 
082 0 0 |a 212/.1  |2 22 
100 1 |a Dombrowski, Daniel A. 
245 1 0 |a Rethinking the ontological argument :  |b a neoclassical theistic response /  |c Daniel A. Dombrowski. 
264 1 |a Cambridge ;  |a New York :  |b Cambridge University Press,  |c 2006. 
300 |a vii, 172 pages ;  |c 24 cm. 
336 |a text  |b txt  |2 rdacontent 
337 |a unmediated  |b n  |2 rdamedia 
338 |a volume  |b nc  |2 rdacarrier 
504 |a Includes bibliographical references (pages 155-165) and index. 
650 0 |a Theism. 
650 0 |a Process theology. 
650 0 |a God  |x Proof, Ontological. 
856 4 1 |3 Table of contents  |u http://www.loc.gov/catdir/toc/ecip061/2005028311.html  |t 0 
856 4 2 |3 Publisher description  |u http://www.loc.gov/catdir/enhancements/fy0633/2005028311-d.html  |t 0 
938 |a Baker & Taylor  |b BKTY  |c 70.00  |d 70.00  |i 0521863694  |n 0006606263  |s active 
945 |i PromptCat 
947 |a A14834371294 
948 |a cataloged  |b h  |c 2006/8/31  |d c  |e achopde  |f 12:17:45 pm 
994 |a 92  |b TXA 
999 |a MARS 
999 f f |s ef0df34b-1d47-37df-875e-5a80fdf0dbd5  |i 268da851-2dff-3611-b350-047774e4b552  |t 0 
952 f f |p normal  |a Texas A&M University  |b College Station  |c Sterling C. Evans Library  |d Evans: Library Stacks  |t 0  |e BD555 .D67 2006  |h Library of Congress classification  |i unmediated -- volume  |m A14834371294 
998 f f |a BD555 .D67 2006  |t 0  |l Evans: Library Stacks